| 000 | 00376nam a22001457a 4500 | ||
|---|---|---|---|
| 003 | macl | ||
| 005 | 20170827135346.0 | ||
| 008 | 170827b xxu||||| |||| 00| 0 eng d | ||
| 040 | _cmacl | ||
| 100 |
_aJhanji,R.S _968891 |
||
| 245 | _aColonial Experience in the Major Fiction of V.S. Naipaul | ||
| 260 |
_aDelhi _bAtlantic _c2015 |
||
| 650 |
_aFiction _968892 |
||
| 942 |
_2ddc _cBK |
||
| 999 |
_c56931 _d56931 |
||